000 00251nam a2200097Ia 4500
001 642400
005 20250826153526.0
008 250824s9999 xx 000 0 und d
245 0 _aEce Yüce/Yüce Nasıl Kanatlandı
_cGülten Dayıoğlu
260 _bALTIN
999 _c642400
_d642400